Bulgaria : Questions and answers

Đã lưu trong:
Bibliografiske detaljer
Hovedforfatter: Peter Bakurdjiev
Format: Bog
Sprog:Undetermined
Udgivet: New Jersey 1974
Fag:
Tags: Tilføj Tag
Ingen Tags, Vær først til at tagge denne postø!
Thư viện lưu trữ: Trung tâm Học liệu Trường Đại học Cần Thơ
LEADER 00455nam a2200169Ia 4500
001 CTU_84881
008 210402s9999 xx 000 0 und d
082 |a 330 
082 |b B166 
100 |a Peter Bakurdjiev 
245 0 |a Bulgaria : 
245 0 |b Questions and answers 
245 0 |c Peter Bakurdjiev, Viktor Velev 
260 |a New Jersey 
260 |c 1974 
650 |a investments, foreign 
980 |a Trung tâm Học liệu Trường Đại học Cần Thơ